| 000 | 00371nam a22001457a 4500 | ||
|---|---|---|---|
| 003 | NUST - PNEC | ||
| 005 | 20170116181053.0 | ||
| 008 | 150930b xxu||||| |||| 00| 0 eng d | ||
| 040 | _cLIBRARY | ||
| 082 | _a623.81 EJA | ||
| 100 |
_911974 _aEjaz, Commodore |
||
| 245 |
_aNaval architecture Notes _cCommodore Ejaz |
||
| 650 |
_95453 _aNaval architecture |
||
| 942 |
_2ddc _cBK |
||
| 999 |
_c68473 _d68473 |
||